000 01267nam a2200253Ia 4500
003 Ost
005 20260507075349.0
008 260507s9999||||xx |||||||||||||| ||und||
040 _cfsecg
041 _aara
082 _a330
100 _aالطائي، يوسف حجيم
_eمؤلف
245 0 _aنظم إدارة الجودة :
_bفي المنظمات الإنتاجية والخدمية /
_c يوسف حجيم الطائي
260 _aعمان:
_bدار اليازوري للنشر والتوزيع,
_c2009
300 _a512 صفحة؛
_bإيضاحات ؛
_c24 سم
520 _aالمدخل التنظيمي والتطور المفاهيمي للجودة- الرقابة على الجودة- حلقات ضبط الجودة- إدارة الجودة الشاملة- ضمان الجودة- تدقيق الجودة- نظم إدارة وضمان الجودة ISO - نظم الإدارة البيئية 14000 ISO -مفاهيم معاصرة في إدارة الجودة
653 _aالإدارة
653 _aالإيزو
653 _aضبط الجودة
653 _aنظم الإدارة
700 _aالحكيم، ليث علي
_eمؤلف ثانوي
700 _aالعجيلي، محمد عاصي
_eمؤلف ثانوي
942 _cكتاب
999 _c44125
_d44125